000 00800nam a2200265 i 4500
001 000026337
003 DO-SdBNP
005 20230731144914.0
007 ta
008 110314s1995 dr ac r 000 0 spa d
040 _aDO-SdBNP
_bspa
_cBNPHU
_erda
082 4 _bC947b
_222
245 0 0 _aCronología Bio-Bibliográfica de Rafael García Romero /
_cCompilador, Miguel Collado.
264 _aSanto Domingo [
_bCEDIBIL:
_c1995.
300 _a22 páginas :
_bilustraciones, retratos ;
_c22 cm.
336 _2rdacontent
_atexto
_btxt
337 _2rdamedia
_asin mediación
_bn
338 _2rdacarrier
_avolumen
_bnc
490 1 _aCalímaco
_v2
490 1 _aCronologías
_v1
590 _aInventariado, 2023/BT
700 _4Collado, Miguel,
_ecronología
910 _aBtavárez
942 _2ddc
_cLF2
999 _c25829
_d25829